Movies Quiz

Random Movies or Actress Quiz

Living Oscar Winners Quiz Stats

 Plays Quiz not verified by Sporcle

Challenge
Share
Tweet
Embed
Score 0/39 Timer 07:00
0 Plays Today
% Correct
Jack Nicholson
95.4%
Daniel Day-Lewis
94.9%
Tom Hanks
94.5%
Al Pacino
94.5%
Michael Caine
94%
Ben Kingsley
94%
Morgan Freeman
93.5%
Sean Connery
93.5%
Cher
93.1%
Clint Eastwood
93.1%
Dustin Hoffman
92.6%
Jeff Bridges
92.2%
Geoffrey Rush
92.2%
Maggie Smith
92.2%
Jane Fonda
92.2%
Judi Dench
91.7%
Jeremy Irons
91.7%
Jon Voight
91.2%
Shirley MacLaine
90.3%
Gene Hackman
90.3%
% Correct
Robert Duvall
89.9%
Goldie Hawn
88.5%
Christopher Plummer
87.1%
Ellen Burstyn
84.8%
Sophia Loren
82.9%
Faye Dunaway
82%
Sidney Poitier
80.2%
Vanessa Redgrave
78.8%
F. Murray Abraham
77.4%
Olympia Dukakis
75.1%
Linda Hunt
70.5%
Louise Fletcher
69.6%
Joel Grey
69.1%
Cloris Leachman
65.9%
Brenda Fricker
63.1%
Martin Landau
59%
Glenda Jackson
54.4%
Estelle Parsons
41.9%
Lee Grant
40.1%

You're not logged in!

Compare scores with friends on all Sporcle quizzes.
Join for Free
OR
Log In

You Might Also Like...

Show Comments

Extras

Created Mar 22, 2015ReportNominate
Tags:Actor Quiz, Actress Quiz

Top Quizzes Today


Score Distribution

Your Account Isn't Verified!

In order to create a playlist on Sporcle, you need to verify the email address you used during registration. Go to your Sporcle Settings to finish the process.

Report this User

Report this user for behavior that violates our Community Guidelines.

Details: